[Event "BSV - Berliner Einzelmeisterschaft 2025 "]
[Site "Berlin, Germany"]
[Date "2025.04.22"]
[Round "4.1"]
[White "Buttkus, Andre"]
[Black "Boettcher, Patrick"]
[Result "1/2-1/2"]
[WhiteElo "1992"]
[BlackElo "2051"]
[PlyCount "53"]
[GameId "2175546026182503"]
[EventDate "2025.??.??"]

1. d4 Nf6 2. Nf3 b6 3. g3 Bb7 4. Bg2 e6 5. O-O Be7 6. c4 O-O 7. Nc3 Ne4 8. Nxe4 Bxe4 9. Ne1 Bxg2 10. Nxg2 d5 11. Qa4 dxc4 12. Qxc4 c5 13. Be3 cxd4 14. Bxd4 Qc8 15. Rac1 Nd7 16. Rfd1 Qxc4 17. Rxc4 Rac8 18. Rdc1 Rxc4 19. Rxc4 Bf6 20. Bxf6 Nxf6 21. Rc7 Rd8 22. Ne1 g6 23. Nd3 Rd7 24. Rxd7 Nxd7 25. f4 f6 26. Kf2 Kf7 27. Kf3 1/2-1/2

[Event "BSV - Berliner Einzelmeisterschaft 2025 "]
[Site "Berlin, Germany"]
[Date "2025.04.22"]
[Round "4.1"]
[White "Vavulin, Maxim"]
[Black "Poltorak, Sebastian"]
[Result "1-0"]
[WhiteElo "2527"]
[BlackElo "2417"]
[PlyCount "77"]
[GameId "2175546026182487"]
[EventDate "2025.??.??"]

1. e4 c6 2. d4 d5 3. Nc3 dxe4 4. Nxe4 Bf5 5. Ng3 Bg6 6. Nh3 Nd7 7. Nf4 e5 8. Nxg6 hxg6 9. Qe2 Qe7 10. Be3 Ngf6 11. O-O-O O-O-O 12. dxe5 Qxe5 13. Qc4 Bc5 14. Bf4 Qe6 15. Qxe6 fxe6 16. f3 Nd5 17. Bg5 Rdf8 18. h3 Nf4 19. Ne4 Be3+ 20. Kb1 Nc5 21. Nd6+ Kc7 22. Nc4 Rf5 23. Be7 Nd5 24. Rxd5 Rxd5 25. Nxe3 Re5 26. Bxc5 Rxc5 27. Bd3 g5 28. c4 Ra5 29. a3 Rd8 30. Kc2 b5 31. Kc3 bxc4 32. Bxc4 Rd6 33. Bd3 Rd8 34. Be4 Rb5 35. Nc4 c5 36. Re1 Rd4 37. Bc2 Rb8 38. Rxe6 Rbd8 39. Rg6 1-0

[Event "BSV - Berliner Einzelmeisterschaft 2025 "]
[Site "Berlin, Germany"]
[Date "2025.04.22"]
[Round "4.2"]
[White "Bueyuekasik, Diyap"]
[Black "Hesse, Henrik"]
[Result "1/2-1/2"]
[WhiteElo "2236"]
[BlackElo "2252"]
[PlyCount "103"]
[GameId "2175546026182488"]
[EventDate "2025.??.??"]

1. g3 Nf6 2. Bg2 d5 3. Nf3 e6 4. c4 d4 5. O-O c5 6. e3 Nc6 7. exd4 cxd4 8. d3 Bd6 9. a3 a5 10. Bg5 O-O 11. Nbd2 e5 12. Re1 Re8 13. Rc1 h6 14. Bxf6 Qxf6 15. Ne4 Qd8 16. Nxd6 Qxd6 17. Nd2 Qg6 18. Be4 f5 19. Bf3 Qf6 20. Bd5+ Kh8 21. c5 Be6 22. Bg2 Re7 23. Qa4 Ra6 24. Qc2 a4 25. Qd1 Ra5 26. Qe2 Bf7 27. Qd1 Kh7 28. Qc2 Rb5 29. Rb1 Ra5 30. Rbc1 Rd7 31. Qd1 Rb5 32. Re2 Bh5 33. Bf3 Bxf3 34. Nxf3 Rb3 35. Ne1 e4 36. Rc4 Ne5 37. Rxa4 exd3 38. Rd2 Qe6 39. Nxd3 Nxd3 40. Rxd3 Rxb2 41. Raxd4 Rxd4 42. Rxd4 Qe5 43. Rb4 Ra2 44. Qf3 Qxc5 45. Rb3 b5 46. Rd3 Qe5 47. Re3 Qc5 48. Kg2 Rd2 49. g4 fxg4 50. Qe4+ Kh8 51. Qe8+ Kh7 52. Qe4+ 1/2-1/2

[Event "BSV - Berliner Einzelmeisterschaft 2025 "]
[Site "Berlin, Germany"]
[Date "2025.04.22"]
[Round "4.3"]
[White "Ahmadinia, Ebrahim"]
[Black "Polzin, Rainer"]
[Result "0-1"]
[WhiteElo "2396"]
[BlackElo "2401"]
[PlyCount "108"]
[GameId "2175546026182489"]
[EventDate "2025.??.??"]

1. e4 c6 2. d4 d5 3. e5 Bf5 4. Bd3 Bxd3 5. Qxd3 e6 6. Ne2 Qa5+ 7. c3 Qa6 8. Qd1 Ne7 9. O-O h5 10. Nf4 h4 11. Nd2 Nf5 12. Nf3 Be7 13. Nd3 Nd7 14. a4 c5 15. Be3 c4 16. Nde1 Qc6 17. Bf4 O-O-O 18. Qd2 Rdg8 19. g4 hxg3 20. fxg3 f6 21. g4 Nh4 22. Bg3 g5 23. exf6 Nxf6 24. Ne5 Qe8 25. Qe2 Ne4 26. Bxh4 gxh4 27. N1f3 Bd6 28. Kh1 Qe7 29. Qe3 Qh7 30. Kg2 Qh5 31. h3 Qh7 32. Rae1 Ng3 33. Rf2 Ne4 34. Rfe2 Qc7 35. Nd2 Bxe5 36. Nxe4 Bf4 37. Qf3 dxe4 38. Rxe4 Bg3 39. Rf1 Qd6 40. Qf7 Rf8 41. Qxe6+ Qxe6 42. Rxe6 Rxf1 43. Kxf1 Kd7 44. Re2 Re8 45. Rxe8 Kxe8 46. Ke2 Bf4 47. Kf3 Bc1 48. Ke4 Bxb2 49. Kd5 Bxc3 50. Kxc4 Bb2 51. Kc5 Ke7 52. Kd5 Kf6 53. Kc5 Ke6 54. d5+ Ke5 0-1

[Event "BSV - Berliner Einzelmeisterschaft 2025 "]
[Site "Berlin, Germany"]
[Date "2025.04.22"]
[Round "4.4"]
[White "Ermitsch, Magnus"]
[Black "Florstedt, Johannes"]
[Result "1/2-1/2"]
[WhiteElo "2401"]
[BlackElo "2382"]
[PlyCount "157"]
[GameId "2175546026182490"]
[EventDate "2025.??.??"]

1. e4 c5 2. Nf3 d6 3. d4 cxd4 4. Nxd4 Nf6 5. Nc3 Nc6 6. Nd5 Nxd5 7. exd5 Qa5+ 8. Bd2 Qxd5 9. Nb5 Qe6+ 10. Be2 Qd7 11. c4 Qd8 12. O-O a6 13. Nc3 g6 14. Nd5 Bg7 15. Be3 O-O 16. Bb6 Qd7 17. Qd2 a5 18. Rad1 a4 19. Rfe1 Kh8 20. Bf1 Ne5 21. Bd4 Qd8 22. Qc3 Qa5 23. Qe3 Be6 24. Bc3 Qd8 25. Nb6 Ra6 26. c5 Rxb6 27. cxb6 Bxa2 28. Bb5 Bb3 29. Ra1 e6 30. Bxa4 Bd5 31. Bc2 Kg8 32. Bxe5 Bxe5 33. Be4 Bxe4 34. Qxe4 Qxb6 35. Rab1 Bd4 36. Re2 Qb4 37. Rc1 b5 38. g3 h5 39. h4 d5 40. Qf3 Bxb2 41. Rb1 Qc3 42. Kg2 Qxf3+ 43. Kxf3 Bc3 44. Rxb5 Ra8 45. Rb7 Ra3 46. Rc2 Kg7 47. Ke2 Kf6 48. Rd7 d4 49. Rc1 Ra2+ 50. Kf3 Rb2 51. Rc7 Rb3 52. Ke4 Rb4 53. Rc2 Ra4 54. Rc1 Ra2 55. Rf1 Re2+ 56. Kf3 Re5 57. Rb1 Be1 58. Rbb7 Rf5+ 59. Ke2 Re5+ 60. Kd3 Kf5 61. Rxf7+ Kg4 62. Rb1 Bc3 63. Rf6 Rf5 64. Rxf5 gxf5 65. Ke2 e5 66. Rb8 f4 67. Rg8+ Kh3 68. gxf4 exf4 69. Kf3 d3 70. Kxf4 d2 71. Rg1 Bd4 72. Kf3 Kxh4 73. Rd1 Bc3 74. Ke4 Kh3 75. Kd3 Bb4 76. f4 Kg2 77. Kc4 Kf3 78. Rh1 Ke2 79. Kxb4 1/2-1/2

[Event "BSV - Berliner Einzelmeisterschaft 2025 "]
[Site "Berlin, Germany"]
[Date "2025.04.22"]
[Round "4.5"]
[White "Czernek, Tymon"]
[Black "Rose, Daniel"]
[Result "1-0"]
[WhiteElo "2374"]
[BlackElo "2022"]
[PlyCount "65"]
[GameId "2175546026182491"]
[EventDate "2025.??.??"]

1. e4 e6 2. d4 d5 3. Nc3 dxe4 4. Nxe4 Bd7 5. Nf3 Bc6 6. Bd3 Nd7 7. O-O Ngf6 8. Qe2 Be7 9. c3 O-O 10. Nxf6+ Bxf6 11. Bf4 Bxf3 12. Qxf3 c6 13. Rad1 Qb6 14. b3 Qa5 15. Bb1 Rfe8 16. c4 e5 17. Bd2 Qb6 18. d5 cxd5 19. Qxd5 Qc7 20. Bb4 Nb6 21. Qf3 Be7 22. Bxh7+ Kxh7 23. Qxf7 e4 24. Rfe1 Qe5 25. Re3 Bg5 26. Bc3 Qe7 27. Rh3+ Bh6 28. Qf5+ Kg8 29. Rxh6 gxh6 30. Qg6+ Kf8 31. Qxh6+ Kg8 32. Qh8+ Kf7 33. Qg7+ 1-0

[Event "BSV - Berliner Einzelmeisterschaft 2025 "]
[Site "Berlin, Germany"]
[Date "2025.04.22"]
[Round "4.6"]
[White "Jahnz, Laurin"]
[Black "Matviienko, Mykhailo"]
[Result "1-0"]
[WhiteElo "2192"]
[BlackElo "2158"]
[PlyCount "107"]
[GameId "2175546026182492"]
[EventDate "2025.??.??"]

1. e4 e6 2. d4 d5 3. Nc3 Nf6 4. Bg5 Bb4 5. e5 h6 6. Bd2 Bxc3 7. bxc3 Ne4 8. Bc1 c5 9. Ne2 Nc6 10. f3 Ng5 11. h4 Nh7 12. f4 Nf8 13. Ng3 f5 14. Nh5 cxd4 15. g4 Qa5 16. gxf5 exf5 17. Nxg7+ Kd8 18. Rb1 Qxc3+ 19. Kf2 a6 20. Rb3 Qa5 21. Qh5 Ne6 22. Qf7 Nxg7 23. Qxg7 Re8 24. Qf6+ Re7 25. Rg1 Bd7 26. Rg8+ Be8 27. Rxe8+ Kxe8 28. Qh8+ Kf7 29. Qxa8 Qxa2 30. Bd3 Qa1 31. Ba3 Qh1 32. e6+ Kg7 33. Bxf5 Qh2+ 34. Kf3 Qh1+ 35. Ke2 Qg2+ 36. Ke1 Qg1+ 37. Kd2 Qf2+ 38. Kc1 Qxf4+ 39. Kb2 Qxf5 40. Rg3+ Kf6 41. Bxe7+ Kxe7 42. Qxb7+ Kd6 43. e7 Nxe7 44. Qxa6+ Nc6 45. Qa3+ Ke5 46. Qc5 Qe6 47. Rg1 Qc8 48. Re1+ Kf6 49. Qd6+ Kf7 50. Rf1+ Kg7 51. Qf6+ Kh7 52. Qf7+ Kh8 53. Rf6 Qb8+ 54. Kc1 1-0

[Event "BSV - Berliner Einzelmeisterschaft 2025 "]
[Site "Berlin, Germany"]
[Date "2025.04.22"]
[Round "4.7"]
[White "Heerde, Thomas"]
[Black "Yatskar, Martin"]
[Result "0-1"]
[WhiteElo "1983"]
[BlackElo "2169"]
[PlyCount "58"]
[GameId "2175546026182493"]
[EventDate "2025.??.??"]

1. Nf3 d5 2. g3 c5 3. c4 e6 4. Bg2 Nc6 5. O-O d4 6. d3 h6 7. e4 e5 8. Ne1 Be6 9. f4 exf4 10. gxf4 g5 11. Na3 a6 12. Nac2 Qc7 13. Rb1 Nge7 14. Bd2 gxf4 15. Bxf4 Qd7 16. Nf3 Ng6 17. Bg3 Bd6 18. Qe1 Rg8 19. e5 Be7 20. Qf2 h5 21. h4 O-O-O 22. Kh2 Rg7 23. Rfe1 Rdg8 24. Ng5 Bxg5 25. hxg5 h4 26. Bf4 Nxf4 27. Qxf4 Rxg5 28. Bh1 Rf5 29. Qd2 Nxe5 0-1

[Event "BSV - Berliner Einzelmeisterschaft 2025 "]
[Site "Berlin, Germany"]
[Date "2025.04.22"]
[Round "4.8"]
[White "Berger, Steve"]
[Black "Foerster, Jonas"]
[Result "1-0"]
[WhiteElo "2425"]
[BlackElo "2266"]
[PlyCount "91"]
[GameId "2175546026182494"]
[EventDate "2025.??.??"]

1. e4 c6 2. d4 d5 3. e5 c5 4. Nf3 Nc6 5. dxc5 Bg4 6. c3 e6 7. b4 Nge7 8. Nbd2 a6 9. Qa4 Bxf3 10. Nxf3 Rc8 11. Bd3 Qd7 12. Qb3 Ng6 13. Bxg6 hxg6 14. O-O Rh5 15. Re1 Be7 16. c4 dxc4 17. Qxc4 b5 18. Qg4 Qd3 19. Bd2 Rd8 20. Re3 Qf5 21. Qxf5 Rxf5 22. Bc3 Rf4 23. a3 a5 24. Rb1 axb4 25. axb4 Rc4 26. Kf1 g5 27. h3 g4 28. hxg4 Rxg4 29. g3 Ra8 30. Nd2 Ra3 31. Re4 Rg6 32. Rb3 Ra4 33. Re1 Rh6 34. Kg2 Kd7 35. Ne4 f6 36. Rd1+ Kc7 37. exf6 gxf6 38. Bd2 Rh7 39. Nc3 Rxb4 40. Nxb5+ Rxb5 41. Rxb5 Nd4 42. Ba5+ Kc6 43. Rb6+ Kxc5 44. Rb7 Nc6 45. Bb6+ Kb5 46. Be3+ 1-0

[Event "BSV - Berliner Einzelmeisterschaft 2025 "]
[Site "Berlin, Germany"]
[Date "2025.04.22"]
[Round "4.9"]
[White "Richter, Michael"]
[Black "Nogly, Christoph"]
[Result "1-0"]
[WhiteElo "2402"]
[BlackElo "2203"]
[PlyCount "91"]
[GameId "2175546026182495"]
[EventDate "2025.??.??"]

1. d4 d5 2. c4 e6 3. Nf3 a6 4. Nbd2 Nf6 5. e3 b6 6. Bd3 Bb7 7. O-O Bd6 8. b3 O-O 9. Bb2 Nbd7 10. Ne5 Ne4 11. Rc1 f5 12. Ndf3 Rf6 13. Nxd7 Qxd7 14. Ne5 Qe7 15. f3 Ng5 16. f4 Ne4 17. Bxe4 fxe4 18. Qg4 Raf8 19. Rf2 Rf5 20. g3 a5 21. Qh3 Bxe5 22. dxe5 h5 23. c5 b5 24. c6 Ba6 25. Bd4 Rb8 26. Bc5 Qf7 27. b4 a4 28. g4 hxg4 29. Qxg4 Qh5 30. Rg2 Qxg4 31. Rxg4 Kf7 32. h4 Rh5 33. Kg2 Ra8 34. Kg3 a3 35. Rg5 Rh6 36. h5 Bc8 37. Kh4 Ra6 38. Bd4 Ra4 39. Bc3 Ra6 40. Bd2 Rb6 41. Rc3 Ra6 42. Rg1 g6 43. Rxg6 Rxg6 44. hxg6+ Kxg6 45. Rc1 Rb6 46. Kg3 1-0

[Event "BSV - Berliner Einzelmeisterschaft 2025 "]
[Site "Berlin, Germany"]
[Date "2025.04.22"]
[Round "4.10"]
[White "Matthes, Aaron"]
[Black "Klenburg, Mikhail"]
[Result "0-1"]
[WhiteElo "2253"]
[BlackElo "2338"]
[PlyCount "112"]
[GameId "2175546026182496"]
[EventDate "2025.??.??"]

1. d4 Nf6 2. c4 c5 3. d5 b5 4. cxb5 a6 5. bxa6 Bxa6 6. Nc3 g6 7. e4 Bxf1 8. Kxf1 d6 9. Nf3 Bg7 10. g3 O-O 11. Kg2 Nbd7 12. a4 Qb6 13. Qe2 Rfb8 14. Nb5 Ne8 15. Bg5 Kf8 16. Nd2 Qb7 17. Ra2 Qa6 18. Rha1 Nc7 19. Qg4 Qc8 20. Qh4 f6 21. Nxc7 Qxc7 22. Bh6 Rb4 23. b3 Ne5 24. Bxg7+ Kxg7 25. Qh3 Qb7 26. Qe6 Ra7 27. Rc2 Rd4 28. Re1 Qa6 29. Re3 h5 30. h3 Nf7 31. h4 Ne5 32. Nf3 Rd1 33. Re1 Rxe1 34. Nxe1 Qb6 35. Rc3 Qb4 36. Re3 Ng4 37. Re2 Qxb3 38. Nf3 Qxa4 39. Rb2 Qd7 40. Qxd7 Rxd7 41. Nd2 Ra7 42. Nc4 Ra4 43. Nd2 Kf7 44. Rc2 Rd4 45. Ra2 Ne5 46. f4 Ng4 47. Rb2 Rd3 48. Ra2 Re3 49. Kf1 Rxg3 50. Ra7 Rh3 51. Kg1 Rc3 52. Kf1 Ne3+ 53. Kf2 Nc4 54. Nf3 Rd3 55. Ra4 Nd2 56. Ne1 Rd4 0-1

[Event "BSV - Berliner Einzelmeisterschaft 2025 "]
[Site "Berlin, Germany"]
[Date "2025.04.22"]
[Round "4.11"]
[White "Noeldner, Julian"]
[Black "Krefenstein, Sergej"]
[Result "1/2-1/2"]
[WhiteElo "2279"]
[BlackElo "2013"]
[PlyCount "94"]
[GameId "2175546026182497"]
[EventDate "2025.??.??"]

1. e4 e6 2. d4 d5 3. e5 c5 4. c3 Qb6 5. Nf3 Nc6 6. a3 a5 7. Bd3 Bd7 8. Bc2 Nh6 9. O-O cxd4 10. cxd4 Nf5 11. Bxf5 exf5 12. Nc3 Be6 13. Qd3 Be7 14. Rd1 h6 15. h4 Qa6 16. Nb5 O-O 17. Bf4 a4 18. Nd6 Qxd3 19. Rxd3 Na5 20. Rc1 Nc4 21. Rc2 Bxd6 22. exd6 Rfd8 23. Nd2 Rac8 24. Nxc4 Rxc4 25. Rxc4 dxc4 26. Re3 Kf8 27. Kf1 Re8 28. Re5 Bd7 29. Rc5 Re4 30. Rc7 Ke8 31. Rxb7 Bc6 32. Rc7 Rxf4 33. Rxc6 Rxd4 34. g3 Kd7 35. Ra6 f4 36. Ke2 fxg3 37. fxg3 Rd3 38. Rxa4 Rxg3 39. Rxc4 Rg2+ 40. Kf1 Rxb2 41. Rc7+ Ke6 42. Re7+ Kf6 43. Re8 Rd2 44. Rd8 Ke6 45. Re8+ Kf6 46. Rd8 Ke6 47. Re8+ Kf6 1/2-1/2

[Event "BSV - Berliner Einzelmeisterschaft 2025 "]
[Site "Berlin, Germany"]
[Date "2025.04.22"]
[Round "4.12"]
[White "Pererva, Viktor"]
[Black "Brustkern, Juergen"]
[Result "1/2-1/2"]
[WhiteElo "2017"]
[BlackElo "2093"]
[PlyCount "46"]
[GameId "2175546026182498"]
[EventDate "2025.??.??"]

1. d4 Nf6 2. Bf4 g6 3. Nf3 Bg7 4. c3 O-O 5. Nbd2 d6 6. e4 Nc6 7. h3 Nh5 8. Be3 e5 9. dxe5 dxe5 10. Bc4 h6 11. Qc2 Qf6 12. O-O Nf4 13. Bxf4 Qxf4 14. Rfe1 Re8 15. b4 a5 16. a3 Bf8 17. Qd3 Nd8 18. Qe2 Qf6 19. Kh2 h5 20. Nf1 Ne6 21. g3 Bh6 22. Ne3 c6 23. Bb3 Nc7 1/2-1/2

[Event "BSV - Berliner Einzelmeisterschaft 2025 "]
[Site "Berlin, Germany"]
[Date "2025.04.22"]
[Round "4.13"]
[White "Jahnz, Fabian"]
[Black "Kreutz, Jonas"]
[Result "1-0"]
[WhiteElo "2242"]
[BlackElo "2107"]
[PlyCount "61"]
[GameId "2175546026182499"]
[EventDate "2025.??.??"]

1. e4 c5 2. Nc3 d6 3. d4 cxd4 4. Qxd4 Nc6 5. Qd2 g6 6. b3 Bh6 7. f4 Nf6 8. Bb2 e5 9. g3 Nd4 10. O-O-O Bg4 11. Nge2 Bxe2 12. Nxe2 Nxe4 13. Qe3 Nxe2+ 14. Bxe2 f5 15. Bxe5 O-O 16. Bc4+ Rf7 17. Bxf7+ Kxf7 18. Qd4 Qa5 19. Bxd6 Rc8 20. Bb4 Qc7 21. Qd7+ Kg8 22. Qxc7 Rxc7 23. Rd8+ Kf7 24. Rhd1 Nf6 25. Bd6 Rc6 26. Rb8 Ke6 27. Be5 Nd7 28. Rxd7 Kxd7 29. Rxb7+ Ke6 30. Rxh7 Bf8 31. Rxa7 1-0

[Event "BSV - Berliner Einzelmeisterschaft 2025 "]
[Site "Berlin, Germany"]
[Date "2025.04.22"]
[Round "4.14"]
[White "Caglar, Ertan"]
[Black "Verbitsky, Jaroslaw"]
[Result "0-1"]
[WhiteElo "1836"]
[BlackElo "2065"]
[PlyCount "100"]
[GameId "2175546026182500"]
[EventDate "2025.??.??"]

1. e4 c6 2. d4 d5 3. e5 Bf5 4. Nf3 e6 5. Be2 c5 6. c3 Nc6 7. O-O cxd4 8. cxd4 Nge7 9. Nc3 Bg4 10. Be3 Nf5 11. h3 Bxf3 12. Bxf3 g6 13. a3 Bg7 14. b4 O-O 15. Rc1 f6 16. b5 Na5 17. exf6 Qxf6 18. Qa4 b6 19. Nxd5 exd5 20. Bxd5+ Kh8 21. Bxa8 Rxa8 22. Rfd1 Qh4 23. Qb4 Bf8 24. Qc3 Bd6 25. d5+ Kg8 26. Bd4 Rf8 27. Be5 Bc5 28. Rc2 Nb7 29. g4 Nfd6 30. Kg2 Rxf2+ 31. Rxf2 Qxf2+ 32. Kh1 Qe2 33. Re1 Qxb5 34. Qf3 Ne8 35. d6 Nbxd6 36. Qd5+ Nf7 37. Bc3 Nc7 38. Qb7 Qd7 39. Qb8+ Qd8 40. Qxa7 Qd5+ 41. Kh2 Bd6+ 42. Kg1 Qc5+ 43. Kf1 Qxc3 44. Qxb6 Qxh3+ 45. Ke2 Qxg4+ 46. Kd2 Qg2+ 47. Re2 Qd5+ 48. Ke1 Bg3+ 49. Kf1 Qh1+ 50. Qg1 Qf3+ 0-1

[Event "BSV - Berliner Einzelmeisterschaft 2025 "]
[Site "Berlin, Germany"]
[Date "2025.04.22"]
[Round "4.15"]
[White "Niehaus, Frank"]
[Black "Torosyan, Bagrat"]
[Result "1-0"]
[WhiteElo "2126"]
[BlackElo "2145"]
[PlyCount "95"]
[GameId "2175546026182501"]
[EventDate "2025.??.??"]

1. e4 e5 2. Nf3 Nc6 3. Bb5 a6 4. Ba4 Nf6 5. O-O Nxe4 6. d4 b5 7. Bb3 d5 8. dxe5 Be6 9. Nbd2 Be7 10. c3 O-O 11. Re1 Nxd2 12. Qxd2 Na5 13. Bc2 c5 14. Qf4 Re8 15. Qg3 Nc6 16. Ng5 g6 17. Nxe6 fxe6 18. Bxg6 Bh4 19. Qg4 hxg6 20. Qxg6+ Kh8 21. Qh6+ Kg8 22. g3 Qe7 23. Qxh4 Qxh4 24. gxh4 Rf8 25. Bg5 Rf5 26. f4 Ra7 27. Rad1 d4 28. cxd4 Nxd4 29. Kg2 Rff7 30. b4 Nc2 31. Rd8+ Rf8 32. Rxf8+ Kxf8 33. Rc1 Nxb4 34. Rxc5 Nxa2 35. Rc8+ Kg7 36. Bf6+ Kg6 37. Rg8+ Kh7 38. Re8 Kg6 39. Rg8+ Kh7 40. Rh8+ Kg6 41. Kf3 Rc7 42. Kg4 Rc2 43. h5+ Kf7 44. Rh7+ Kf8 45. h6 Rg2+ 46. Kh3 Rg6 47. Bg5 Nc3 48. Rc7 1-0

[Event "BSV - Berliner Einzelmeisterschaft 2025 "]
[Site "Berlin, Germany"]
[Date "2025.04.23"]
[Round "5.1"]
[White "Hesse, Henrik"]
[Black "Vavulin, Maxim"]
[Result "0-1"]
[WhiteElo "2252"]
[BlackElo "2527"]
[PlyCount "118"]
[GameId "2175546912042201"]
[EventDate "2025.??.??"]

1. c4 g6 2. g3 Bg7 3. Bg2 e5 4. Nc3 f5 5. d3 Nf6 6. Nf3 d6 7. O-O O-O 8. Rb1 a5 9. a3 Nc6 10. b4 h6 11. b5 Ne7 12. a4 Be6 13. Ba3 Nd7 14. Nd2 Rb8 15. Nd5 b6 16. f4 g5 17. e3 g4 18. fxe5 Nxe5 19. Nf4 Bf7 20. Nb3 Qd7 21. Nd4 Rbe8 22. Qd2 h5 23. Rbe1 Bh6 24. Nd5 Bg6 25. Bb2 Kh7 26. Nf4 Bf7 27. Bd5 Nxd5 28. cxd5 Bxf4 29. exf4 Ng6 30. Qc3 Bxd5 31. Rxe8 Rxe8 32. Nxf5 Re2 33. Rf2 Rxb2 34. Rxb2 Qxf5 35. Qxc7+ Kh6 36. Rd2 Qf6 37. Qxb6 Qa1+ 38. Kf2 Qh1 39. Qe3 Qxh2+ 40. Ke1 Qh1+ 41. Kf2 Kg7 42. d4 Bc4 43. Re2 Qh2+ 44. Kf1 Qxe2+ 45. Qxe2 Bxe2+ 46. Kxe2 d5 47. b6 Ne7 48. b7 Nc6 49. Ke3 Kg6 50. Kd3 Kf6 51. Kd2 Kf5 52. Ke3 Nb8 53. Kd3 h4 54. gxh4 Kxf4 55. Ke2 g3 56. h5 Kg5 57. Kf3 Kxh5 58. Kxg3 Kg5 59. Kf3 Kf5 0-1

[Event "BSV - Berliner Einzelmeisterschaft 2025 "]
[Site "Berlin, Germany"]
[Date "2025.04.23"]
[Round "5.2"]
[White "Polzin, Rainer"]
[Black "Bueyuekasik, Diyap"]
[Result "1/2-1/2"]
[WhiteElo "2401"]
[BlackElo "2236"]
[PlyCount "204"]
[GameId "2175546912042202"]
[EventDate "2025.??.??"]

1. e4 c5 2. Nc3 Nc6 3. Bb5 Nd4 4. Nf3 e6 5. O-O a6 6. Bd3 Nc6 7. Nd5 d6 8. Ne3 Nge7 9. c3 Ng6 10. Bc2 Nge5 11. Ne1 g5 12. d4 Ng6 13. Nf3 h5 14. dxc5 g4 15. Nd4 Nxd4 16. Qxd4 dxc5 17. Qxd8+ Kxd8 18. a4 Bd7 19. Nc4 Kc7 20. Rd1 Bc6 21. Be3 Rc8 22. Rdb1 Kb8 23. Nb6 Rd8 24. b4 cxb4 25. cxb4 Bg7 26. Ra2 Be8 27. b5 a5 28. Nc4 Bc3 29. Rb3 Bd4 30. Rd3 e5 31. Nxe5 Nxe5 32. Rxd4 Rxd4 33. Bxd4 f6 34. Bb3 Bg6 35. f4 gxf3 36. Bxe5+ fxe5 37. gxf3 h4 38. Rg2 Bh5 39. Rg7 Rh6 40. Bd5 b6 41. Bc6 Bxf3 42. Kf2 Rf6 43. Ke3 Bd1 44. Rb7+ Kc8 45. Rxb6 Rf3+ 46. Kd2 Bxa4 47. Ra6 Rf2+ 48. Ke3 Rxh2 49. Rxa5 Ra2 50. b6 Ra3+ 51. Kf2 Ra2+ 52. Kg1 Bxc6 53. Rxa2 Kb7 54. Re2 Kxb6 55. Kf2 Kc5 56. Ke3 h3 57. Rd2 Kb6 58. Rd6 Kc7 59. Re6 Bb5 60. Rxe5 Bf1 61. Re6 Bg2 62. Rh6 Kd7 63. Kf4 Ke7 64. e5 Bd5 65. Rxh3 Ba2 66. Rh6 Bb1 67. Rb6 Bd3 68. Ke3 Bf1 69. Ke4 Bg2+ 70. Kf4 Bf1 71. Rf6 Bd3 72. Ke3 Bc2 73. Kd4 Bb3 74. Ra6 Bd1 75. Rb6 Bf3 76. e6 Kf6 77. Kc5 Bg4 78. Kd5 Bh3 79. Ra6 Bg4 80. e7+ Kxe7 81. Ke5 Kf7 82. Ra7+ Kg6 83. Kf4 Bd1 84. Ra6+ Kg7 85. Kg5 Bc2 86. Ra7+ Kg8 87. Kh6 Bb3 88. Ra8+ Kf7 89. Rb8 Bc4 90. Rc8 Bb3 91. Kg5 Ba2 92. Kf4 Kf6 93. Rc6+ Kf7 94. Rb6 Bc4 95. Ke5 Kg7 96. Kf5 Bd3+ 97. Kg5 Kf7 98. Rf6+ Ke7 99. Rf3 Bc4 100. Re3+ Kf7 101. Re4 Bb3 102. Rb4 Bc2 1/2-1/2

[Event "BSV - Berliner Einzelmeisterschaft 2025 "]
[Site "Berlin, Germany"]
[Date "2025.04.23"]
[Round "5.3"]
[White "Poltorak, Sebastian"]
[Black "Ermitsch, Magnus"]
[Result "1/2-1/2"]
[WhiteElo "2417"]
[BlackElo "2401"]
[PlyCount "216"]
[GameId "2175546912042203"]
[EventDate "2025.??.??"]

1. e4 c5 2. Nc3 e6 3. Nge2 Nc6 4. d4 cxd4 5. Nxd4 Qc7 6. Ncb5 Qb8 7. Bd3 Nf6 8. O-O Be7 9. Re1 O-O 10. Bg5 h6 11. Bh4 Ne5 12. Bg3 d6 13. Nf3 a6 14. Nbd4 Nxd3 15. Qxd3 Nh5 16. Bh4 Bxh4 17. Nxh4 b5 18. Rad1 Bb7 19. c3 Rd8 20. Nhf3 Qc7 21. Qe3 Nf6 22. Nd2 Rac8 23. a3 Qb6 24. Qg3 a5 25. b4 axb4 26. axb4 Rc7 27. Re3 Ra8 28. h3 Ra2 29. Kh2 Rxd2 30. Rxd2 Nxe4 31. Rxe4 Bxe4 32. Nxe6 fxe6 33. Rxd6 Qb7 34. Rxe6 Re7 35. Rxe7 Qxe7 36. Qb8+ Kh7 37. Qxb5 Qc7+ 38. Kg1 Qxc3 39. f3 Bd3 40. Qd5 Qc1+ 41. Kh2 Qc2 42. Kg1 Qb1+ 43. Kh2 Bf1 44. Qd2 Qf5 45. Kg1 Bb5 46. Qd4 Qc2 47. Qf4 Qd1+ 48. Kh2 Qd5 49. Kg1 g5 50. Qc7+ Kg6 51. Qb6+ Bc6 52. Qb8 h5 53. Kh2 h4 54. Qc7 Kf5 55. Qh7+ Kf4 56. Qc2 Ke5 57. Kh1 Kd6 58. Qf2 Kc7 59. Qa7+ Bb7 60. Qe3 Kc6 61. Qe8+ Kb6 62. Qe2 Bc6 63. Qf1 Qd6 64. Qc1 Qe5 65. Qc4 Qe3 66. Qf1 Qc3 67. Qb1 Qd2 68. Qg1+ Kb7 69. Qc5 Qd5 70. Qc2 Qe5 71. Qc4 Bb5 72. Qb3 Kc6 73. Qc2+ Kd6 74. Qc8 Bd7 75. Qc1 Qd5 76. Qa3 Bb5 77. Qa7 Ke5 78. Qe3+ Kf5 79. Qc1 Qc4 80. Qb2 Qe2 81. Qc3 Qe5 82. Qd2 Kg6 83. Qc2+ Kf6 84. Qc1 Qd4 85. Qe1 Ba4 86. b5 Bxb5 87. Qa5 Bc6 88. Qa2 Bd5 89. Qc2 Qa1+ 90. Kh2 Qe5+ 91. Kh1 Be6 92. Qc6 Kf5 93. Qc2+ Kf4 94. Kh2 Ke3+ 95. Kg1 Qd4 96. Kh2 Qe5+ 97. Kg1 Qd4 98. Kh2 Bd5 99. Kg1 Bc4 100. Kh2 Qe5+ 101. Kg1 Qd4 102. Kh2 Qc5 103. Qc3+ Kf2 104. Qc2+ Ke1 105. Qc1+ Ke2 106. Qc2+ Ke3 107. Qc3+ Kf4 108. Qf6+ Ke3 1/2-1/2

[Event "BSV - Berliner Einzelmeisterschaft 2025 "]
[Site "Berlin, Germany"]
[Date "2025.04.23"]
[Round "5.4"]
[White "Florstedt, Johannes"]
[Black "Jahnz, Laurin"]
[Result "1-0"]
[WhiteElo "2382"]
[BlackElo "2192"]
[PlyCount "119"]
[GameId "2175546912103644"]
[EventDate "2025.??.??"]

1. e4 c6 2. d4 d5 3. e5 Bf5 4. h4 h5 5. Bd3 Bxd3 6. Qxd3 Qa5+ 7. b4 Qxb4+ 8. Nd2 e6 9. Rb1 Qe7 10. c4 Nh6 11. Ne2 Nf5 12. Ng3 Qd7 13. Nxf5 exf5 14. O-O Be7 15. Qg3 O-O 16. Nf3 Re8 17. e6 fxe6 18. Qg6 Rf8 19. Ne5 Qc8 20. Qxh5 Nd7 21. Ng6 Re8 22. Re1 Bf6 23. Bg5 Bxd4 24. cxd5 cxd5 25. Rbc1 Qb8 26. Ne7+ Rxe7 27. Bxe7 Qf4 28. Qe2 Ne5 29. Bd6 Nf3+ 30. gxf3 Qxd6 31. Qxe6+ Qxe6 32. Rxe6 Bf6 33. Rd6 d4 34. Rd7 b6 35. Rcc7 a5 36. a4 Re8 37. h5 Re1+ 38. Kg2 Kh7 39. Rc6 Kh6 40. Rxb6 Kxh5 41. Rb5 Kg6 42. Rxa5 Ra1 43. Ra8 Ra3 44. a5 d3 45. f4 Bc3 46. Rxd3 Rxa5 47. Rxa5 Bxa5 48. Rd6+ Kh5 49. Rd5 Bc3 50. Rxf5+ Kg4 51. Rc5 Bb2 52. Rc4 Ba3 53. f3+ Kf5 54. Kg3 Bd6 55. Rd4 Be7 56. Rd5+ Ke6 57. Ra5 g6 58. Kg4 Kf6 59. Ra6+ Kf7 60. f5 1-0

[Event "BSV - Berliner Einzelmeisterschaft 2025 "]
[Site "Berlin, Germany"]
[Date "2025.04.23"]
[Round "5.5"]
[White "Yatskar, Martin"]
[Black "Czernek, Tymon"]
[Result "0-1"]
[WhiteElo "2169"]
[BlackElo "2374"]
[PlyCount "66"]
[GameId "2175546912103645"]
[EventDate "2025.??.??"]

1. d4 Nf6 2. c4 e6 3. Nc3 Bb4 4. Qc2 O-O 5. e4 c5 6. e5 cxd4 7. a3 Ba5 8. b4 Bc7 9. exf6 dxc3 10. fxg7 Re8 11. Qxc3 d5 12. Nf3 Nc6 13. Be3 a5 14. Bg5 Be5 15. Qe3 Bf6 16. Bd3 dxc4 17. Be4 axb4 18. Rd1 Rxa3 19. Qf4 Bc3+ 20. Nd2 Qd4 21. O-O f5 22. Qh4 Ne5 23. Qh5 Ng6 24. Bb1 Bxd2 25. Rxd2 Qg4 26. Qh6 Ne5 27. f3 Rxf3 28. h3 Rxf1+ 29. Kxf1 Qg3 30. Qf6 Nf7 31. h4 b3 32. Re2 Rd8 33. Re1 c3 0-1